000 00651nam a2200205 u 4500
001 61508
005 20180714063150.0
008 141006s2000 mx r 000 0 spa d
020 _a978-968-411-496-8
082 0 _a863
_bGAL
100 1 _aGaleano, Eduardo,
_d1940
_eautor
245 1 0 _aDías y noches de amor y de guerra /
_cEduardo Galeano.
264 1 _aMéxico :
_bEdiciones Era,
_c2000
300 _a223 páginas ;
_c21 cm.
336 _atexto
_2rdacontent
337 _asin mediación
_2rdamedia
338 _avolume
_2rdacarrier
650 0 4 _aLiteratura uruguaya
_xsiglo XX
650 0 4 _aLiteratura y política
_xLatinoamérica
999 _c61508
_d61508